Vplyv technologického a inovačného rozvoja na ekonomický rast a konkurencieschopnosť ekonomiky
Saved in:
| Main Author: | |
|---|---|
| Format: | Book Chapter |
| Language: | Slovak |
| Subjects: | |
| Tags: |
No Tags, Be the first to tag this record!
|
MARC
| LEADER | 00000naa$a2200000$$$4500 | ||
|---|---|---|---|
| 001 | 0050742 | ||
| 005 | 20240502071602.8 | ||
| 041 | 0 | |a slo | |
| 044 | |a SK | ||
| 245 | 1 | 0 | |a Vplyv technologického a inovačného rozvoja na ekonomický rast a konkurencieschopnosť ekonomiky |c František Melišek |
| 610 | 2 | 0 | |a pokrok technologický |
| 610 | 2 | 0 | |a pokrok technický |
| 610 | 2 | 0 | |a rozvoj technický |
| 610 | 2 | 0 | |a inovácia |
| 610 | 2 | 0 | |a technológia |
| 610 | 2 | 0 | |a konkurencieschopnosť |
| 610 | 2 | 0 | |a rozvoj hospodársky |
| 100 | 1 | |a Melišek, František | |